00329nam a2200109Ia 4500008004100000082000800041100001300049245004100062942000600103952009500109999001500204240331s9999 xx 000 0 und d bPEN aWERC. ed 0aPenkalukkana chaddaviyal vilakkam II cL 001040708LaWERCLbWERCLcSSCd2024-03-31l0o 346 PENp4401r2024-03-31w2024-03-31yL c3588d3588